Statistics for General Knowledge Decoder #1

Click here to take the quiz!

General Stats

  • This quiz has been taken 281 times
  • The average score is 9 of 21

Answer Stats

ClueAnswer% Correct
IModern country known as "Persia" over centuriesIran
91%
OMore humane word for a killer whaleOrca
87%
OWhat liquid caused a world crisis in 1973?Oil
70%
MWhere will you find the most Muscovites?Moscow
67%
AWho named her albums after her age?Adele
65%
ENational animal of ThailandElephant
62%
MWhat does 'MAGA' mean?Make America Great Again!
62%
DEins, Zwei, ...Drei
59%
AWhat is the biggest company headquartered in Cupertino, CA?Apple Inc.
59%
DHe wrote The Three MusketeersDumas, Alexandre
54%
RWho said "The only thing we have to fear is fear itself"?Roosevelt, Franklin
45%
AThree countries have unique starting letters. They are all located on which peninsula?Arabia
43%
NFirst country to allow women to voteNew Zealand
32%
AGreek goddess of the huntArtemis
32%
RWhich religion worships former Ethiopian emperor Haile SelassieRastafari
31%
OStory about a jealous Moor in the Venetian armyOthello
29%
GSmallest North American city with a Pro Sports TeamGreen Bay
15%
AMāori word for "New Zealand"Aotearoa
11%
FAMOUS PERSONDiego Armando Maradona
11%
NJohann Galle discovered this in 1846Neptune
7%
DWhat became "the destroyer of worlds" ?Death
4%

Score Distribution

Percentile by Number Answered

Percent of People with Each Score

Your Score History

You have not taken this quiz